Podnikové financie skriptá

Bibliographic Details
Main Author: Koišová, Eva, 1964- (Author)
Format: Book
Language:Slovak
PhysicalDescription:195 s. sch., tab. 29 cm
Published: Trenčín Trenčianska univerzita Alexandra Dubčeka 2009
ISBN:9788080754228
Edition:2. dopl. a preprac. vyd.
Subjects:

MARC

LEADER 00000cam a2200000 a 4500
001 vtls010061523
003 SK-MaSNL
005 20260302081355.0
008 240314s2009 xo l d p 000 0 slo
015 |a SNBA2010/03-01347 
020 |a 9788080754228  |q (brož.) 
035 |a 1327D6BD-7ED7-4790-9F48-29E3CAA8E748 
035 |a urn:nbn:sk:snk-amk12a 
035 |a urn:nbn:sk:snk-am00874e 
040 |a SNK  |b slo  |c SNK  |e AACR2 
041 0 |a slo 
044 |a xo  |c SK 
072 7 |a 658  |x Riadenie a správa podniku  |2 konspekt 
080 |a 658.14/.17  |2 2001 
080 |a (075.8)  |2 2001 
100 1 |a Koišová, Eva,  |d 1964-  |4 aut  |9 252277 
245 1 0 |a Podnikové financie  |b skriptá  |c Eva Koišová 
250 |a 2. dopl. a preprac. vyd. 
260 |a Trenčín  |b Trenčianska univerzita Alexandra Dubčeka  |c 2009 
300 |a 195 s.  |b sch., tab.  |c 29 cm 
504 |a Bibliogr. s. 193-195. Slovník 
650 0 7 |a podnikové financie  |2 SNKPH  |9 4308 
650 0 7 |a finančný manažment  |2 SNKPH  |9 928 
650 0 7 |a Business finance  |2 SNKPHeng  |9 302700 
650 0 7 |a Financial management  |2 SNKPHeng  |9 268527 
655 7 |a učebnice vysokých škôl  |2 SNKPH  |9 70191 
655 7 |a Textbooks (higher)  |2 SNKPHeng  |9 276436 
919 |a 978-80-8075-422-8 
958 |a NB 
968 |d 65 
999 |c 1176166  |d 1178096 
952 |a SNK  |b SNK  |y PREZ  |7 0  |p 17A0643685  |o snkSB 78956  |i snk2010/2300  |8 0  |0 0  |1 0  |4 0  |d 2010-02-05  |f 1  |l 0  |r 2025-04-30 00:00:00  |w 2026-02-24 
952 |a SNK  |b SNK  |y VYP  |7 0  |p 17A0643686  |o snkSB 78956 D1  |i snk2010/2301  |8 0  |0 0  |1 0  |4 0  |d 2010-02-05  |l 0  |r 2016-06-30 00:00:00  |w 2026-02-24